Turkey.. or Pakistan? - Statistics

General Stats
  • This quiz has been taken 64 times
  • The average score is 6 of 10
Answer Stats
Question Answer % Correct
Has crescent and star in its flag Both
89%
Which one has more Muslims? Pakistan
89%
Which one has a larger area? Pakistan
89%
Has a median age lower than 25 years Pakistan
89%
Which one has a higher GDP? Turkey
78%
Visited by Queen Elizabeth Both
56%
Its largest city isn't its capital Both
44%
Touches the Caspian sea Neither
44%
Has more than 2 official language Neither
33%
Its most spoken language isn't its official language Pakistan
33%
No matching quizzes found
Score Distribution
Percent of People with Each Score
Percentile by Number Answered
Your Score History
You have not taken this quiz